Selected topics in the classical theory of functions of a complex a variable

Salvato in:
Dettagli Bibliografici
Autore principale: Heins, Maurice (Autore)
Natura: Libro
Lingua:inglese
Pubblicazione: Nueva York Holt, Rinehart and Winston 1962
Serie:Athena
Soggetti:
Tags: Aggiungi Tag
Nessun Tag, puoi essere il primo ad aggiungerne!!

MARC

LEADER 00000nam a2200000 a 4500
001 UCP0567
003 CL-VaPUC
008 990313e19620000US |||||||||||||||||eng|d
082 0 4 |a 515.9  |b HEI  |2 21 
100 0 |a Heins, Maurice  |e author  |9 425910 
245 1 0 |a Selected topics in the classical theory of functions of a complex a variable 
300 |a 160 p 
942 |c BK 
945 |d 19990313 00:00:00  |a crobeson 
260 |a Nueva York  |b Holt, Rinehart and Winston  |c 1962 
650 0 |a Funciones de variables complejas  |9 260212 
650 7 |a FUNCIONES ARMONICAS  |2 CL-VaPUC  |9 322166 
650 7 |a FUNCIONES MEROMORFICAS  |2 CL-VaPUC  |9 425428 
650 0 |a Análisis complejo   |9 260214 
583 |a last modification  |c 19990313 00:00:00  |k Rodrigo Vera 
490 0 |a Athena 
999 |c 279331  |d 279329 
952 |0 0  |1 0  |4 0  |6 515_900000000000000_HEI_1962  |7 0  |8 A  |9 318391  |a BIBMAT  |b BIBMAT  |d 2019-11-20  |i 1324608  |o 515.9 HEI 1962  |p 1324608  |r 2025-01-07  |w 2019-11-20  |y BK  |k MAT